Регионална библиотека "Любен Каравелов" - Русе

Законът на любовта : Роман (Запис номер 347504)

MARC детайли
000 -Лидер
Контролно поле с фиксирана дължина 00929nam a2200253 a 4500
003 - Код на организацията, давaща контролен номер
Контролно поле BLK
005 - Дата и час на последна редакция
Контролно поле 20250304113815.0
008 - Елементи от данни с фиксирана дължина
fixed length control field 200103b bu ||||| |||| 00| 0 bu d
020 ## - Международен стандартен номер на книга ISBN
Международен стандартен номер на книга ISBN 9789545298097
040 ## - Източник на каталожния запис
Идентификатор на билиотеката - собственик на записа BLK
041 ## - Код за език
Код за езика на текст/звукозапис или на отделно заглавие Български
Код за езика КДБФ Български
080 ## - УДК
Текстов определител УДК Мексиканска литература
УДК код - определител по УДК 821.134.2(720)
УДК определител -31
УДК - код + определител 821.134.2(720)-31
100 ## - Редна дума - Автор
Автор Ескивел, Лаура
Авторска отговорност първи автор
R(LIN) 1299
139 ## - Редно поле
Редна дума Ескивел, Лаура
Авторски знак Еск - Е 88
245 ## - Сведения за заглавието
Заглавие Законът на любовта : Роман
Редно поле (дума) Лаура Ескивел ; прев. от исп. Десислава Антова
260 ## - Област на издателските данни
9 (RLIN) 209486
Място на издаване, разпространение и проч. София
Име на издателя, разпространителя и проч. Колибри
Година на издаване 2010
300 ## - Физическа характеристика
Страници 190 с.
Размери/Мащаб 20 см.
380 ## - Жанр
Жанр Худож. лит.
700 ## - Други автори (авторска отговорност)
9 (RLIN) 345900
Лично име Антонова, Десислава
Автороска отговорност (Описва отношението между автора и произведението) прев. от исп.
852 ## - Местоположение
Фондова буква Заемна - подръчен фонд
Систематично-азбучна сигнатура П 860(7/8)-31/Е 88
999 ## - СИСТЕМНИ КОНТРОЛНИ НОМЕРА
Koha biblionumber 347504
Koha biblioitemnumber 347504
942 ## - АРТИКУЛИ
Вид на библиотечния материал Книги
Скрит в OPAC Не
Периодичен библиозапис Да
Koha issues (borrowed), all copies 18
944 ## - СЪЗДАВАНЕ И РЕДАКЦИЯ на ЗАПИСА
Създаване/Редакция Създаване
Дата на регистрацията/редакция 2020-01-03
Служител, извършил регистрацията/редакцията 30530
Статус, дата на статуса Минев Младен
999 ## - СИСТЕМНИ КОНТРОЛНИ НОМЕРА
Koha biblioitemnumber 347504
Наличности
Код за отписване Код за изгубен артикул Източник на класификационната схема Код за повреда Код за отдаване Артикулен № Име на библиотеката - собственик Име на библиотеката, в която се намира в момента Статус (Текущо местоположение) Дата на вписване в системата Местоположение - отдел Цена в лева Систематично азбучна сигнатура Баркод Цена в евро Служебен тип на артикула
  Не е изгубен Universal Decimal Classification Не е повреден заемане за дома 753597 Регионална библиотека "Любен Каравелов" Русе Регионална библиотека "Любен Каравелов" Русе Заемна - подръчен фонд 2020-01-13 Заемна - подръчен фонд 8.40 П 860(7/8)-31/Е 88 120000840722 4.29 Книги
  Не е изгубен Universal Decimal Classification Не е повреден заемане за дома 753598 Регионална библиотека "Любен Каравелов" Русе Регионална библиотека "Любен Каравелов" Русе Заемна - подръчен фонд 2020-01-13 Заемна - подръчен фонд 8.40 П 860(7/8)-31/Е 88 120000840720 4.29 Книги
  Не е изгубен Universal Decimal Classification Не е повреден заемане за дома 753599 Регионална библиотека "Любен Каравелов" Русе Регионална библиотека "Любен Каравелов" Русе Заемна - подръчен фонд 2020-01-13 Заемна - подръчен фонд 8.40 П 860(7/8)-31/Е 88 120000840721 4.29 Книги
Vip Innovations Ltd, Rousse, Bulgaria 2025